Aprender tenis en un fin de semana / (Registro nro. 10251)

Detalles MARC
000 -LIDER
fixed length control field 00866nam a22002777a 4500
001 - NÚMERO DE CONTROL
Identificador de número de control 00008547
003 - IDENTIFICACDOR DE NÚMERO DE CONTROL
control field DO-SdBNP
005 - DATE AND TIME OF LATEST TRANSACTION
control field 20180403101004.0
008 - ELEMENTOS DE LONGITUD FIJA
fixed length control field 160601b 1991 spa c | |||| 00| 0 spa d
020 ## - ISBN
International Standard Book Number 8432048216
040 ## - FUENTE DE CATALOGACIÓN
Agencia que crea de manera original el registro BPMSU
Idioma de catalogación spa
Agencia que realiza la transcripción BPMSU
041 17 - CÓDIGOS DE OBRAS TRADUCIDAS O EN VARIOS IDIOMAS
Código del idioma del texto/archivo de sonido o separata spa
Cód. del idioma original y/o traducciones intermedias del texto eng
092 ## - LOCALLY ASSIGNED DEWEY DECIMAL CALL NUMBER
Número de clasificación BPMSU
Número de ítem (Cutter) spa
Feature heading BPMSU
100 1# - ASIENTO PRINCIPAL -- NOMBRE PERSONAL
Nombre personal Douglas, Paul
240 10 - TITULO UNIFORME
Título uniforme Learn tennis in a weekend
Idioma de una obra Español.
245 10 - MENCIÓN DE TITULO
Título Aprender tenis en un fin de semana /
Mención de responsabilidad Paul Douglas ; fotografías de Matthew Ward ; tr. Andrés Ehrenhaus.
260 ## - PUBLICACIÓN, DISTRIBUCIÓN, ETC. (PIE DE IMPRENTA)
Lugar de publicación, distribución, etc Barcelona :
Nombre del editor, distribuidor, etc. Planeta,
Fecha de publicación, distribución, etc 1991.
300 ## - DESCRIPCIÓN FÍSICA
Extensión 95 p. :
Otros detalles físicos retrato
Dimensiones 23 cm.
490 1# - MENCIÓN DE SERIES
Mención de serie Manuales prácticos
700 12 - ASIENTO SECUNDARIO -- NOMBRE PERSONAL
Nombre personal Ward, Matthew,
Mención de responsabilidad fot.
700 12 - ASIENTO SECUNDARIO -- NOMBRE PERSONAL
Nombre personal Ehrenhaus, Andrés,
Mención de responsabilidad tr.
830 #0 - ASIENTO SECUNDARIO DE SERIE--TÍTULO UNIFORME
Nombre de la parte o sección de una obra Manuales prácticos
942 ## - ADDED ENTRY ELEMENTS (KOHA)
Source of classification or shelving scheme Dewey Decimal Classification
Koha item type Libros
945 ## - INFORMACIÓN DE PROCESAMIENTO LOCAL
Información de procesamiento local Inventariado, 2018/ YL
956 ## - LOCAL ELECTRONIC LOCATION AND ACCESS (OCLC)
Método de acceso LOPEREZ
Materiales especificados 10
Enlace 20160601
Campo enlazado y núm. de secuencia BPMSU
Nombre de host 00041
Existencias
Withdrawn status Lost status Source of classification or shelving scheme Damaged status Not for loan Collection code Home library Current library Date acquired Source of acquisition Total Checkouts Barcode Date last seen Copy number Price effective from Koha item type
    Dewey Decimal Classification     Colección General Biblioteca Pública Metropolitana Salomé Ureña Biblioteca Pública Metropolitana Salomé Ureña 06/01/2016 Donación   BPMSU16060013 06/01/2016 ej. 1 06/01/2016 Libros